LEADER 00571nab a2200133 i 4500 001 000000323053 003 CaOOAMICUS 005 20180831173417.0 008 180831n it uu u0 0ita r 013 $a33385 040 $aSeMil$bita 245 15$a"Una grande preghiera per le vocazioni". Dal Seminario viene una proposta. In [rubrica] :$bGiornata per il Seminario. 773 0 $tGiornata per il Seminario.$gp.4-5$w()261346 996 $6245$a"Una grande preghiera per le vocazioni". Dal Seminario viene una proposta. In [rubrica] :$bGiornata per il Seminario.$9(OLS)http://semarc/title/396497 LEADER 00788nab a2200133 i 4500 001 000000323604 003 CaOOAMICUS 005 20180831173427.0 008 180831n it uu u0 0ita r 013 $a33957 040 $aSeMil$bita 245 10$aComunità Propedeutica e del Biennio Teologico. Frammenti di fraternità. Le ormai tradizionali "uscite a gruppi" di novembre. I "segreti" della vocazione: L'incontro con mons. Capovilla. - In [rubrica] :$bNotizie dai seminari. 773 0 $t[DICEMBRE 2004]. - 32 p.$gp.22$w()261360 996 $6245$aComunità Propedeutica e del Biennio Teologico. Frammenti di fraternità. Le ormai tradizionali "uscite a gruppi" di novembre. I "segreti" della vocazione: L'incontro con mons. Capovilla. - In [rubrica] :$bNotizie dai seminari.$9(OLS)http://semarc/title/396994